| 000 | 03594nam2a2200493 4500 | ||
|---|---|---|---|
| 001 | v19\rc\1751914 | ||
| 005 | 20260406173353.0 | ||
| 035 | _a(NLR Aleph) 005231563 | ||
| 090 |
_a5610935 _c5610935 |
||
| 100 | _a20061204d1908 |||y0rusy50 ca | ||
| 101 | 0 | _arus | |
| 102 | _aRU | ||
| 105 | _aac z |1|cd | ||
| 135 | _acrnn nnnaacda | ||
| 200 | 1 |
_aГлавное Военно-медицинское управление _hч. 2 _iИсторический очерк развития и деятельности Военно-медицинского ведомства в Царствование Императора Николая I _hотд. I-IV _fсост. прив.-доц. Военно-мед. акад., д-р мед. Н.И. Кульбин _gчасть материалов собрана д-ром мед. А.И. Барановым под рук. бывшего сост., дейст. стат. сов., д-ра мед. В.С. Кручек-Голубова |
|
| 210 |
_d1908 _aБ. м. |
||
| 215 |
_a[5], 288 с., 1 л. фронт. (грав. тит. л.), [1] л. карт. _cил., портр. |
||
| 300 | _aНа грав. тит. л. загл.: Очерк развития и деятельности Военно-медицинского ведомства | ||
| 300 | _aНа обл. только загл. серии | ||
| 309 | _a2 тит. л. | ||
| 325 | _aКопия доступна в Электрон. б-ке РНБ http://vivaldi.nlr.ru/bv000001306/view | ||
| 461 | 0 |
_1001v19\rc\1751884 _12001#$aСтолетие Военного министерства, 1802-1902$fгл. ред. ген. от кавалерии Д.А. Скалон$g[обл. и виньетки худож. Н. Самокиш]$vТ. 8 _95610630 _cСанктпетербург _d1902 _fгл. ред. ген. от кавалерии Д.А. Скалон _nТип. Т-ва М.О. Вольф _tСтолетие Военного министерства, 1802-1902 _vТ. 8 |
|
| 513 | 0 | _aОчерк развития и деятельности Военно-медицинского ведомства | |
| 601 | 0 | 1 |
_aРоссия _bГлавное военно-медицинское управление _92535381 _3RU\NLR\AUTH\661501479 |
| 686 | 0 | _aЦ7,8(2)0-221.1 | |
| 702 | 1 |
_4220 _8rus _7ca _aКульбин _bН. И. _gНиколай Иванович _f1868-1917 _3RU\NLR\AUTH\7771140 _954068 |
|
| 702 | 1 |
_4220 _8rus _7ca _aБаранов _bА. И. _cд-р медицины _f1864- _gАлександр Иванович _3RU\NLR\AUTH\7771147 _954075 |
|
| 702 | 1 |
_4220 _8rus _7ca _aКручек-Голубов _bВ. С. _gВладимир Саввич _3RU\NLR\AUTH\7771139 _954067 |
|
| 711 | 0 | 1 |
_aРоссия _bГлавное военно-медицинское управление _3RU\NLR\AUTH\889941158 _9377171 |
| 801 | 2 |
_aRU _bNLR _c20081124 _2rusmarc |
|
| 801 | 0 |
_aRU _bNLR _c20061204 _gpsbo |
|
| 801 | 0 |
_aRU _bRuMoRGB _c20061204 _2psbo |
|
| 801 | 1 |
_aRU _bProSoft-M _c20061204 _2rusmarc |
|
| 852 |
_aNLR _j18.349.1.8(2) |
||
| 852 |
_aNLR _j52/572(8-2) |
||
| 852 |
_aNLR _bМф _jК-1/31824(8-2) |
||
| 852 |
_aNLR _bМф _jК-1/28723 |
||
| 856 | 0 | _uhttps://nlr.ru/elibrarypro/vministr/RA6040/content?id=30 | |
| 942 | _cBOOK | ||
| 980 | _aNB | ||
| 981 | 4 | 8 | _a(48) Крым: история в документах |
| 981 | 2 | 2 |
_a(22) Материалы по истории России _b(22) История России до 25 октября (7 ноября) 1917 года _bОрганы управления _bМинистерства |